|
|
|
|
| LEADER |
00912nam a2200217 i 4500 |
| 003 |
GR-PaULI |
| 005 |
20240521111719.0 |
| 008 |
070314b gr ao g 000 1 gre d |
| 952 |
|
|
|0 0
|1 0
|2 ddc
|4 0
|6 889_340000000000000_ΜΑΡ
|7 1
|9 354323
|a LISP
|b LISP
|c DON
|d 2022-01-14
|e ΨΥΧ
|i 254600
|l 0
|o 889.34 ΜΑΡ
|p 025000289574
|r 2022-01-14 00:00:00
|t 1
|w 2022-01-14
|y BKN
|
| 999 |
|
|
|c 207736
|d 207736
|
| 020 |
|
|
|a 9789601622569
|
| 040 |
|
|
|a GR-PaULI
|b gre
|c GR-PaULI
|e AACR2
|
| 082 |
0 |
4 |
|a 889.34
|2 23
|
| 100 |
1 |
|
|a Μάρκαρης, Πέτρος,
|d 1937-
|e συγγραφέας.
|9 203243
|
| 245 |
1 |
0 |
|a Κατ' εξακολούθηση /
|c Πέτρος Μάρκαρης.
|
| 260 |
|
|
|a Αθήνα :
|b Πατάκης,
|c [χ.χ.].
|
| 300 |
|
|
|a 197 σ. :
|b εικ. ;
|c 19 εκ.
|
| 490 |
0 |
|
|a Η κουζίνα του συγγραφέα ;
|v 5
|
| 650 |
|
4 |
|a Ελληνική Λογοτεχνία
|
| 942 |
|
|
|2 ddc
|c BK
|
| 998 |
|
|
|c Σαλαμούρα
|d 2022-01
|